Geometry of constrained dynamical systems : (Record no. 11276)
[ view plain ]
| 000 -LEADER | |
|---|---|
| fixed length control field | 01452cam a2200325 i 4500 |
| 001 - CONTROL NUMBER | |
| control field | 2070820 |
| 003 - CONTROL NUMBER IDENTIFIER | |
| control field | EG-ScBUE |
| 005 - DATE AND TIME OF LATEST TRANSACTION | |
| control field | 20250309094222.0 |
| 008 - FIXED-LENGTH DATA ELEMENTS--GENERAL INFORMATION | |
| fixed length control field | 941018s1995 enk f b 100 0 eng d |
| 020 ## - INTERNATIONAL STANDARD BOOK NUMBER | |
| International Standard Book Number | 9780521070065 |
| 040 ## - CATALOGING SOURCE | |
| Original cataloging agency | DLC |
| Language of cataloging | eng |
| Description conventions | rda |
| Transcribing agency | DLC |
| Modifying agency | DLC |
| -- | EG-ScBUE |
| 082 04 - DEWEY DECIMAL CLASSIFICATION NUMBER | |
| Classification number | 530.1 |
| Edition number | 22 |
| Item number | GEO |
| 245 00 - TITLE STATEMENT | |
| Title | Geometry of constrained dynamical systems : |
| Remainder of title | proceedings of a conference held at the Isaac Newton Institute, Cambridge, June 1994 / |
| Statement of responsibility, etc | edited by John M. Charap, Queen Mary and Westfield College, University of London. |
| 264 #1 - PUBLICATION, DISTRIBUTION, ETC. (IMPRINT) | |
| Place of publication, distribution, etc | Cambridge [England] ; |
| -- | New York, NY, USA : |
| Name of publisher, distributor, etc | Cambridge University Press, |
| Date of publication, distribution, etc | 1995. |
| 300 ## - PHYSICAL DESCRIPTION | |
| Extent | xiv, 335 pages ; |
| Dimensions | 24 cm |
| 336 ## - CONTENT TYPE | |
| Source | rdacontent |
| Content type term | text |
| Content type code | txt |
| 337 ## - MEDIA TYPE | |
| Media type term | unmediated |
| Source | rdamedia |
| Media type code | n |
| 338 ## - CARRIER TYPE | |
| Carrier type term | volume |
| Carrier type code | nc |
| Source | rdacarrier |
| 504 ## - BIBLIOGRAPHY, ETC. NOTE | |
| Bibliography, etc | Includes bibliographical references. |
| 650 #0 - SUBJECT ADDED ENTRY--TOPICAL TERM | |
| Topical term or geographic name as entry element | Geometry |
| General subdivision | Congresses. |
| Source of heading or term | BUEsh |
| 9 (RLIN) | 3574 |
| 650 #7 - SUBJECT ADDED ENTRY--TOPICAL TERM | |
| Topical term or geographic name as entry element | Gravity |
| General subdivision | Congresses. |
| Source of heading or term | BUEsh |
| 9 (RLIN) | 3575 |
| 650 #7 - SUBJECT ADDED ENTRY--TOPICAL TERM | |
| Topical term or geographic name as entry element | Quantum field theory |
| General subdivision | Congresses. |
| Source of heading or term | BUEsh |
| 9 (RLIN) | 3576 |
| 650 #7 - SUBJECT ADDED ENTRY--TOPICAL TERM | |
| Topical term or geographic name as entry element | Gauge fields (Physics) |
| General subdivision | Congresses. |
| Source of heading or term | BUEsh |
| 9 (RLIN) | 3577 |
| 655 ## - INDEX TERM--GENRE/FORM | |
| Form subdivision | Reading book |
| 700 1# - ADDED ENTRY--PERSONAL NAME | |
| Personal name | Charap, John M., |
| Relator term | editor. |
| 9 (RLIN) | 3578 |
| 856 42 - ELECTRONIC LOCATION AND ACCESS | |
| Materials specified | Publisher description |
| Uniform Resource Identifier | <a href="http://www.loc.gov/catdir/description/cam026/94041549.html">http://www.loc.gov/catdir/description/cam026/94041549.html</a> |
| 856 41 - ELECTRONIC LOCATION AND ACCESS | |
| Materials specified | Table of contents |
| Uniform Resource Identifier | <a href="http://www.loc.gov/catdir/toc/cam027/94041549.html">http://www.loc.gov/catdir/toc/cam027/94041549.html</a> |
| 942 ## - ADDED ENTRY ELEMENTS (KOHA) | |
| Source of classification or shelving scheme | Dewey Decimal Classification |
| Koha item type | Book - Borrowing |
| Withdrawn status | Lost status | Source of classification or shelving scheme | Damaged status | Not for loan | Collection code | Home library | Current library | Shelving location | Date acquired | Source of acquisition | Cost, normal purchase price | Serial Enumeration / chronology | Total Checkouts | Full call number | Barcode | Date last seen | Price effective from | Koha item type |
|---|---|---|---|---|---|---|---|---|---|---|---|---|---|---|---|---|---|---|
| Dewey Decimal Classification | Baccah | Central Library | Central Library | First floor | 09/04/2009 | 332.80 | 7117 | 530.1 GEO | 000015933 | 15/07/2025 | 09/04/2009 | Book - Borrowing |